Into thin air : (Record no. 9445)
[ view plain ]
| 000 -LEADER | |
|---|---|
| fixed length control field | 01549pam a2200373 a 4500 |
| 001 - CONTROL NUMBER | |
| control field | 4018415 |
| 003 - CONTROL NUMBER IDENTIFIER | |
| control field | OSt |
| 005 - DATE AND TIME OF LATEST TRANSACTION | |
| control field | 20140310182115.0 |
| 008 - FIXED-LENGTH DATA ELEMENTS--GENERAL INFORMATION | |
| fixed length control field | 971003r19981997nyuab b 000 0 eng |
| 010 ## - LIBRARY OF CONGRESS CONTROL NUMBER | |
| LC control number | 97042880 |
| 020 ## - INTERNATIONAL STANDARD BOOK NUMBER | |
| International Standard Book Number | 0385492081 (pb) |
| 040 ## - CATALOGING SOURCE | |
| Original cataloging agency | DLC |
| Transcribing agency | DLC |
| Modifying agency | DLC |
| 043 ## - GEOGRAPHIC AREA CODE | |
| Geographic area code | a-cc--- |
| -- | a-np--- |
| 050 00 - LIBRARY OF CONGRESS CALL NUMBER | |
| Classification number | GV 199.44.E85 |
| Item number | .K725 1998 |
| 082 00 - DEWEY DECIMAL CLASSIFICATION NUMBER | |
| Classification number | HS 796.522 |
| Item number | K85 1997 |
| 100 1# - MAIN ENTRY--PERSONAL NAME | |
| Personal name | Krakauer, Jon. |
| 9 (RLIN) | 13640 |
| 245 10 - TITLE STATEMENT | |
| Title | Into thin air : |
| Remainder of title | a personal account of the Mount Everest disaster / |
| Statement of responsibility, etc | Jon Krakauer. |
| 250 ## - EDITION STATEMENT | |
| Edition statement | 1st Anchor Books ed. |
| 260 ## - PUBLICATION, DISTRIBUTION, ETC. (IMPRINT) | |
| Place of publication, distribution, etc | New York : |
| Name of publisher, distributor, etc | Anchor Books/Doubleday, |
| Date of publication, distribution, etc | c1998. |
| 300 ## - PHYSICAL DESCRIPTION | |
| Extent | 378 p. : |
| Dimensions | 18 cm. |
| 600 10 - SUBJECT ADDED ENTRY--PERSONAL NAME | |
| Personal name | Krakauer, Jon. |
| 9 (RLIN) | 13641 |
| 610 20 - SUBJECT ADDED ENTRY--CORPORATE NAME | |
| Corporate name or jurisdiction name as entry element | Adventure Consultants |
| Subordinate unit | Guided Expedition |
| Date of meeting or treaty signing | (1996 : |
| Location of meeting | Mount Everest) |
| 9 (RLIN) | 13642 |
| 610 20 - SUBJECT ADDED ENTRY--CORPORATE NAME | |
| Corporate name or jurisdiction name as entry element | Mountain Madness (Firm) |
| Subordinate unit | Everest Expedition |
| Date of meeting or treaty signing | (1996) |
| 9 (RLIN) | 13643 |
| 650 #0 - SUBJECT ADDED ENTRY--TOPICAL TERM | |
| Topical term or geographic name as entry element | Mountaineering accidents |
| Geographic subdivision | Everest, Mount (China and Nepal) |
| 9 (RLIN) | 13644 |
| 650 #0 - SUBJECT ADDED ENTRY--TOPICAL TERM | |
| Topical term or geographic name as entry element | Mountaineering expeditions |
| Geographic subdivision | Everest, Mount (China and Nepal) |
| 9 (RLIN) | 13645 |
| 856 42 - ELECTRONIC LOCATION AND ACCESS | |
| Materials specified | Contributor biographical information |
| Uniform Resource Identifier | <a href="http://www.loc.gov/catdir/bios/random058/97042880.html">http://www.loc.gov/catdir/bios/random058/97042880.html</a> |
| 856 41 - ELECTRONIC LOCATION AND ACCESS | |
| Materials specified | Sample text |
| Uniform Resource Identifier | <a href="http://www.loc.gov/catdir/samples/random041/97042880.html">http://www.loc.gov/catdir/samples/random041/97042880.html</a> |
| 856 42 - ELECTRONIC LOCATION AND ACCESS | |
| Materials specified | Publisher description |
| Uniform Resource Identifier | <a href="http://www.loc.gov/catdir/description/random042/97042880.html">http://www.loc.gov/catdir/description/random042/97042880.html</a> |
| 906 ## - LOCAL DATA ELEMENT F, LDF (RLIN) | |
| a | 7 |
| b | cbc |
| c | orignew |
| d | 1 |
| e | ocip |
| f | 19 |
| g | y-gencatlg |
| 942 ## - ADDED ENTRY ELEMENTS (KOHA) | |
| Source of classification or shelving scheme | Library of Congress Classification |
| Koha item type | |
| Withdrawn status | Lost status | Source of classification or shelving scheme | Damaged status | Home library | Current library | Shelving location | Date acquired | Total Checkouts | Full call number | Barcode | Date last seen | Copy number | Price effective from | Koha item type |
|---|---|---|---|---|---|---|---|---|---|---|---|---|---|---|
| Library of Congress Classification | Luxembourg Library | Luxembourg Library | High School Section | 08/27/2013 | GV 199.44.E85 .K725 1998 | 7746 | 05/27/2015 | 1 | 08/27/2013 | Books | ||||
| Library of Congress Classification | Luxembourg Library | Luxembourg Library | High School Section | 08/27/2013 | GV 199.44.E85 .K725 1998 | 10901 | 05/25/2015 | 2 | 08/27/2013 | Books |